• 首页
  • 本馆介绍
  • 公告通知
  • 最新文献
  • 馆藏检索
  • 电子资源
  • 读者导购
  • 参考咨询
  • 我的图书馆
  • 登录
  • 详细信息显示
  • 放入我的书架
  • 预约/预借图书
  • 作者相关作品
  • 分类相关作品
  • 丛书相关作品
  • 出版社相关作品

书目信息

  • 表格格式
  • 工作单格式
  • 卡片格式
题名:
塑造你的领袖气质
    
 
作者: 卡森 著 ;夏晓东 译
分册:  
出版信息: 北京   研究出版社  2016
页数: 223页
开本: 21cm
丛书名:
单 册:
中图分类: C933-49
科图分类:
主题词: 领导学--ling dao xue--通俗读物
电子资源:
ISBN: 978-7-80168-940-5
000 01128nam0 22002651 450
001 0115101216
005 20170415101216.0
010    @a978-7-80168-940-5@dCNY29.80
100    @a20160516d2016 em y0chiy50 ea
101 1  @achi@ceng
102    @aCN@b110000
105    @aa z 000yy
106    @ar
200 1  @a塑造你的领袖气质@Asu zao ni de ling xiu qi zhi@e25位世界杰出领袖的成功解密@f(美)赫伯特·牛顿·卡森(Herbert N. Casson)著@g夏晓东译
210    @a北京@c研究出版社@d2016
215    @a223页@c图,照片@d21cm
300    @a经典励志
330    @a本书结合二十五位世界杰出领袖的成功解密向读者揭示赢得领导力的具体方法和途径。全书共分为两大部分,第一部分主要探讨如何赢得领导力的原则方法;第二部分结合实例,简要、精辟分析二十五位卓越的世界级领袖是如何走上成功之路,如何登顶的。
517 1  @a25位世界杰出领袖的成功解密@A25wei shi jie jie chu ling xiu de cheng gong jie mi
606 0  @a领导学@Aling dao xue@j通俗读物
690    @aC933-49@v5
701  0 @c(美)@a卡森@Aka sen@c(Casson, Herbert N.@f1869~)@4著
702  0 @a夏晓东@Axia xiao dong@4译
801  0 @aCN@bTANGWEI@c20170308
905    @b0965507-10@dC933-49@e568@f4
    
    塑造你的领袖气质:25位世界杰出领袖的成功解密/(美)赫伯特·牛顿·卡森(Herbert N. Casson)著/夏晓东译.-北京:研究出版社,2016
    223页:图,照片;21cm
    经典励志
    
    ISBN 978-7-80168-940-5:CNY29.80
    本书结合二十五位世界杰出领袖的成功解密向读者揭示赢得领导力的具体方法和途径。全书共分为两大部分,第一部分主要探讨如何赢得领导力的原则方法;第二部分结合实例,简要、精辟分析二十五位卓越的世界级领袖是如何走上成功之路,如何登顶的。
●
相关链接 在E读中查询图书 在五车中查询图书 在当当中查询图书 在豆瓣中查询图书


正题名:塑造你的领袖气质     索取号:C933-49/568         预约/预借

序号 登录号 条形码 馆藏地/架位号 状态 备注
1 0965507   209655078   第一样本阅览室/ [索取号:C933-49/568] 在馆    
2 0965508   209655087   第一借阅区/ [索取号:C933-49/568] 在馆    
3 0965509   209655096   第一借阅区/ [索取号:C933-49/568] 在馆    
4 0965510   209655103   第一借阅区/ [索取号:C933-49/568] 在馆    
唐山师范学院图书馆 欢迎您!
大连网信软件有限公司© 版权所有